|
|
|
|
| LEADER |
00000cam a2200000 a 4500 |
| 001 |
vtls001324259 |
| 003 |
SK-MaSNL |
| 005 |
20260311121200.0 |
| 008 |
240226s1989 xr o grn 000 0 cze |
| 015 |
|
|
|a SNBA1989
|
| 020 |
|
|
|q (brožované)
|
| 035 |
|
|
|a SNK000276964
|
| 035 |
|
|
|a CBC4E52E-ED35-4F67-A786-86CB2D345033
|
| 035 |
|
|
|a urn:nbn:sk:snk-am00ig7o
|
| 040 |
|
|
|a SNK
|b slo
|c SNK
|e AACR2
|
| 041 |
0 |
|
|a cze
|
| 043 |
|
|
|a e-cs---
|
| 044 |
|
|
|a xr
|c CZ
|
| 072 |
|
7 |
|a 502
|x Životné prostredie a jeho ochrana
|2 konspekt
|
| 080 |
|
|
|a 502/504
|2 2011
|
| 080 |
|
|
|a (437)
|2 2011
|
| 080 |
|
|
|a (0.062)
|2 2011
|
| 100 |
1 |
|
|a Plesník, Jan,
|d 1960-
|4 aut
|9 12327
|
| 245 |
1 |
0 |
|a Když se řekne životní prostředí
|c Jan Plesník
|
| 260 |
|
|
|a [Praha]
|b Rudé právo
|c 1989
|
| 300 |
|
|
|a 176 s.
|b fotografie
|c 22 cm
|
| 490 |
1 |
|
|a Knihovna Rudého práva
|
| 504 |
|
|
|a Obsahuje bibliografické odkazy
|
| 650 |
0 |
7 |
|a životné prostredie
|2 SNKPH
|9 786
|
| 650 |
0 |
7 |
|a Environment
|2 SNKPHeng
|9 267078
|
| 651 |
|
7 |
|a Československo
|2 SNKPHgeo
|9 21376
|
| 651 |
|
7 |
|a Czechoslovakia
|2 SNKPHeng
|9 265183
|
| 655 |
|
7 |
|a populárno-náučné publikácie
|2 SNKPH
|9 70460
|
| 655 |
|
7 |
|a Popular works
|2 SNKPHeng
|9 90287
|
| 830 |
|
0 |
|a Knihovna Rudého práva
|9 289954
|
| 852 |
|
|
|a Slovenská národná knižnica
|
| 954 |
|
|
|a iná literatúra (príručky, kuchárske knihy, hobby literatúra, sprievodcovia) cudzojazyčná (svetová)
|2 lita
|
| 958 |
|
|
|a NB
|
| 958 |
|
|
|a OND
|
| 958 |
|
|
|a EUIPO
|
| 999 |
|
|
|c 545413
|d 547343
|
| 952 |
|
|
|a SNK
|b SNK
|y PREZ
|7 0
|p 17A0975592
|o snkSC 76679
|i snkKIP 3117/90
|0 0
|1 0
|4 0
|d 1998-03-12
|f 1
|l 0
|r 2005-01-02 00:00:00
|w 2026-02-23
|
| 952 |
|
|
|a SNK
|b SNK
|y VYP
|7 0
|p 17A1187287
|o snkSC 76679 D1
|i snkKIP 3118/90
|0 0
|1 0
|4 0
|d 1998-03-12
|l 0
|r 2005-01-02 00:00:00
|w 2026-02-23
|